000 01169nam a22003377a 4500
003 CHAP
005 20220329134809.0
008 971013s1972 r 00010 d
010 _a26098
011 _a27070
035 _a31171
040 _cCHAP
090 _aFolleto 1949
110 _aInternational Rice Research Institute
_959779
245 _aProduction of seedlings
260 _a(Manila) :
_bInternational Rice Research Institute,
_c(1972)
300 _a24 p.
_b: ilus
590 _aBATCH-UPD
_b10
_c20130110
_lUCH01
_h0919
590 _aBATCH-UPD
_b10
_c20130410
_lUCH01
_h0541
590 _aBATCH-UPD
_b10
_c20130914
_lUCH01
_h0406
590 _aCONVERSION
_b10
_c20130109
_lUCH01
_h1315
650 1 4 _aArroz
_xPlántulas.
_97644
901 _aBK
942 _cFOLL
949 _aFolleto 1949
_bBC
_cBPA
_d-137014
_eBPA
_fc.4
_i31171
_si
949 _aFolleto 1949
_bBC
_cBPA
_d-137015
_eBPA
_fc.5
_i31171
_si
949 _aFolleto 1949
_bBC
_cBPA
_d-137016
_eBPA
_fc.6
_i31171
_si
949 _aFolleto 1949
_bBC
_cFOLL
_d-137012
_eTS2
_fc.2
_i31171
_si
949 _aFolleto 1949
_bBC
_cFOLL
_d-137013
_eTS2
_fc.3
_i31171
_si
949 _aFolleto 1949
_bBC
_cFOLL
_d-72133
_eTS1
_i31171
_si
999 _c26098
_d26098